NFL Rushing Leaders: Detroit Lions - Statistics

General Stats
  • This quiz has been taken 60 times
  • The average score is 3 of 10
Answer Stats
Rank Player Yards Years w/ Team % Correct
1 BarrySanders 15269 1989-1998
100%
2 BillySims 5106 1980-1984
49%
6 JamesJones 3452 1983-1988
43%
9 KevinJones 3067 2004-2007
43%
8 MelFarr 3072 1967-1973
21%
10 JamesStewart 2890 2000-2002
15%
3 DexterBussey 5105 1974-1984
11%
4 AltieTaylor 4297 1969-1975
9%
5 NickPietrosante 3933 1959-1965
4%
7 AceGutowsky 3077 1932-1938
0%
No matching quizzes found
Score Distribution
Percent of People with Each Score
Percentile by Number Answered
Your Score History
You have not taken this quiz